000 004380000a22001690004500
003 MACL
005 20151227135250.0
008 151227b xxu||||| |||| 00| 0 eng d
040 _aMACL
_cMACL
041 _aEnglish
082 _a025.34
100 _aTripathi, S M
_923242
245 _aModern Cataloguing Theoru And Practice
260 _bShiva Lal Agrawal & Co.
_c1978
650 _aLibrary Science
_957
942 _cBK
_k025.34/Tri
_2ddc
999 _c36694
_d36694